• 首页
  • 本馆介绍
  • 公告通知
  • 最新文献
  • 馆藏检索
  • 电子资源
  • 读者导购
  • 参考咨询
  • 我的图书馆
  • 登录
  • 详细信息显示
  • 放入我的书架
  • 预约/预借图书
  • 作者相关作品
  • 分类相关作品
  • 丛书相关作品
  • 出版社相关作品

书目信息

  • 表格格式
  • 工作单格式
  • 卡片格式
题名:
接触催化
    
 
作者: 勒巴日 著 ;黄志渊 , 李宣文 译
分册:  
出版信息: 北京   石油工业出版社  1984
页数: 550页
开本: 21cm
丛书名:
单 册:
中图分类: TQ032
科图分类:
主题词: 化学反应过程
电子资源:
ISBN:
000 00856nam0 2200265 45
001 0184011359
005 20060104154632.53
010    @dCNY2.20
091    @a15037.2457
100    @a19950621d1984 em y0chiy0121 ea
101 1  @achi@cfre
102    @aCN@b110000
105    @ay z 000yy
200 10 @a接触催化@Ajie chu cui hua@e工业催化剂原理、制备及其应用@f(法)J·F·勒巴日等著@F(fa)J·F·le ba ri deng zhu@g李宣文,黄志渊译
210    @a北京@c石油工业出版社@d1984
215    @a550页@d21cm
517 1  @a工业催化剂原理、制备及其应用@Agong ye cui hua ji yuan li zhi bei ji qi ying yong
606 0  @a化学反应过程
690    @aTQ032
701  0 @a勒巴日@Ale ba ri@4著
702  0 @a黄志渊@Ahuang zhi yuan@4译
702  0 @a李宣文@Ali xuan wen@4译
801  0 @aCN@b上海图书馆@c20060104
801  2 @aCN@bNLC@c20051216
905    @f1@b129742@dTQ032@e17
    
    接触催化:工业催化剂原理、制备及其应用/(法)J·F·勒巴日等著/李宣文,黄志渊译.-北京:石油工业出版社,1984
    550页;21cm
    
    
    ISBN :CNY2.20
    
●
相关链接 在E读中查询图书 在五车中查询图书 在当当中查询图书 在豆瓣中查询图书


正题名:接触催化     索取号:TQ032/17         预约/预借

序号 登录号 条形码 馆藏地/架位号 状态 备注
1 0129741   202184572   密集书库/ [索取号:TQ032/17] 在馆    
2 0129742   001646794   第二样本阅览室/ [索取号:TQ032/17] 在馆    
3 0129743   202169811   密集书库/ [索取号:TQ032/17] 在馆    
唐山师范学院图书馆 欢迎您!
大连网信软件有限公司© 版权所有